00488 2200193 4500001002100000005001500021035002000036007000300056008004100059020001800100082000800118084001400126100002900140245002800169260004000197300002300237650001400260990002000274INLIS00000000000290820260423081718 a0010-0426000002ta260423 d 0 ind  a979-8170-16-4 a658 a658 RAN d0 aRanupandojo, Heidrachman1 aDasar - Dasar Manajemen aYogyakarta :bUPP - AMA YKPN,c1996 a200 hlm. ;c21 cm. 4aManajemen a20220423.04.002